Pokemon - regiony - Statystyki

Ogólne statystyki
  • Ten quiz został rozwiązany 2 016 razy
    665 od ostatniego zresetowania
  • Średni wynik to 7 z 9
Statystyki odpowiedzi
Generacja Region % Poprawnych
Generacja I Kanto
98%
Generacja VII Alola
84%
Generacja II Johto
81%
Generacja VIII Galar
79%
Generacja IV Sinnoh
78%
Generacja V Unova
75%
Generacja VI Kalos
74%
Generacja III Hoenn
69%
Generacja VIII Paldea
63%
Nie znaleziono quizów pasujących do podanych kryteriów
Rozkład punktacji
Procent ludzi z każdym wynikiem
Percentyl według liczby udzielonych odpowiedzi
Twoja historia wyników
Nie rozwiązałeś tego quizu od ostatniego zresetowania